书目信息 |
| 题名: |
钓鱼方法大全
|
|
| 作者: | 蒋青海 主编 | |
| 分册: | ||
| 出版信息: | 南京 江苏科学技术出版社 2001.09 |
|
| 页数: | 401页 | |
| 开本: | 21cm | |
| 丛书名: | ||
| 单 册: | ||
| 中图分类: | G897.19 | |
| 科图分类: | ||
| 主题词: | 钓鱼(文娱活动)--基本知识 | |
| 电子资源: | ||
| ISBN: | 7-5345-3397-X | |
| 000 | 00573nam0 2200193 45 | |
| 001 | 0401300358 | |
| 005 | 20040130035713.5 | |
| 010 | @a7-5345-3397-X@dCNY23.00 | |
| 100 | @a20040130d2001 km y0chiy0120 ea | |
| 101 | 0 | @achi |
| 105 | @aa z 000yy | |
| 200 | 1 | @a钓鱼方法大全@ADiao Yu Fang Fa Da Quan@f蒋青海主编@FJiang Qing Hai Zhu Bian |
| 210 | @a南京@c江苏科学技术出版社@d2001.09 | |
| 215 | @a401页@c图@d21cm | |
| 606 | 0 | @a钓鱼(文娱活动)@x基本知识 |
| 690 | @aG897.19@v4 | |
| 701 | @a蒋青海@4主编 | |
| 801 | @aCN@bTSTCL@c20040130 | |
| 905 | @b333101-105@dG897.19@e177@f5 | |
| 钓鱼方法大全/蒋青海主编.-南京:江苏科学技术出版社,2001.09 |
| 401页:图;21cm |
| ISBN 7-5345-3397-X:CNY23.00 |
| ● |
| 相关链接 |
|
|
|
|
正题名:钓鱼方法大全
索取号:G897.19/177
 
预约/预借
| 序号 | 登录号 | 条形码 | 馆藏地/架位号 | 状态 | 备注 |
| 1 | 0333101 | 203331019 | 第四借阅区/ [索取号:G897.19/177] | 在馆 | |
| 2 | 0333102 | 203331028 | 第四借阅区/ [索取号:G897.19/177] | 在馆 | |
| 3 | 0333103 | 203331037 | 第四借阅区/ [索取号:G897.19/177] | 在馆 | |
| 4 | 0333104 | 203331046 | 第四借阅区/ [索取号:G897.19/177] | 在馆 | |
| 5 | 0333105 | 203331055 | 第一样本阅览室/ [索取号:G897.19/177] | 在馆 |